000 01783cam a22004694i 4500
003 PE-LiUPU
005 20250731173103.0
008 150623s r 000 0 d
020 _a1841271934
035 _a(Sirsi) i9781841271934
040 _aPE-LiUPU
_bspa
_cPE-LiUPU
_erda
049 _aPRUA
082 0 4 _a222
_bK91
_221
100 1 _aKugler, Robert A.,
_eautor.
245 1 4 _aThe testaments of the twelve patriarchs :
_bguides to apocrypha and pseudepigrapha /
_cRobert A. Kugler.
264 1 _aSheffield, England :
_bSheffield Academic Press,
_c2001.
300 _a125 páginas ;
_c22 centímetros
336 _atext
_2rdacontent
337 _aunmediated
_2rdamedia
338 _avolume
_2rdacarrier
500 _atestamentos de Rubén, Simeón, Leví, Judá, Daniel, José, Benjamín.
504 _aIncluye bibliografía.
505 0 _aAn introduction to the testaments of the twelve patriarchs. -A closer look at the testaments of the twelve patriarchs: special characteristics, critical points of interest and meaning. -Exegesis and theology in the testaments of the twelve patriarchs.
526 _aSEG42
526 _aSEG41
526 _aSEG40
526 _aSEG39
526 _aP94
526 _aP87
526 _aP86
526 _aP85
526 _aP77
526 _aP76
526 _aP35
650 0 4 _aPatriarcas bíblicos.
942 _2ddc
_cBOOK
949 _a222 K91
_wDEWEY
_c1
_i49131
_lCCODEBUL1
_mBUL
_r0
_sY
_tBOOK
_u2015-6-24
_xTEOLOGIA
_PP35
_0COMPRA
_o.STAFF. Colección General
994 _aC0
_bPEPRU
596 _a1
999 _a222 K91
_wDEWEY
_c28278
_i49131
_f2021-11-9
_g5
_lCCODEBUL1
_mBUL
_r0
_sY
_tBOOK
_u2015-6-24
_xTEOLOGIA
_PP35
_0COMPRA
_o.STAFF. Colección General
_d28278
980 _81
_gALBERTO SANCHEZ Responsable de Automatización